|
|
|
|
| LEADER |
00000cam a2200000 7i4500 |
| 001 |
0000003285 |
| 005 |
20050819.0 |
| 020 |
0 |
0 |
|a 928081057X (pbk.)
|
| 090 |
0 |
0 |
|a 333.9164
|b MAN
|
| 245 |
1 |
0 |
|a Mankind and the oceans
|c edited by Nobuyuki Miyazaki, Zafar Adeel, and Kouichi Ohwada.
|
| 260 |
0 |
0 |
|a Tokyo
|a New York :
|b United Nations University Press ,
|c c2005.
|
| 300 |
|
|
|a xiii, 225 p. :
|b ill., maps ;
|c 24 cm.
|
| 650 |
0 |
0 |
|a Environmental protection
|x International cooperation
|
| 650 |
0 |
0 |
|a Marine ecology.
|
| 650 |
0 |
0 |
|a Marine pollution
|x Prevention.
|
| 650 |
0 |
0 |
|a Oceanography
|x Research.
|
| 700 |
1 |
1 |
|a Adeel, Zafar.
|
| 700 |
1 |
1 |
|a Miyazaki, Nobuyuki
|
| 700 |
1 |
1 |
|a Ohwada, Kouichi
|
| 999 |
|
|
|a 0000006243
|b Monograph
|c Open Shelf
|e Default branch
|